|
|
|
|
| LEADER |
01072nam a2200253 a 4500 |
| 001 |
GR-Patra15812 |
| 008 |
030822s1990 gr e b 000 0 eng d |
| 020 |
|
|
|a 0335094201
|
| 040 |
|
|
|a GrPaTEI
|b gre
|c GR-PaULI
|
| 040 |
|
|
|a GrPaTEI
|b gre
|c GR-PaULI
|
| 082 |
|
0 |
|a 378.01
|2 21
|
| 100 |
1 |
|
|a Barnett, Ronald
|
| 245 |
1 |
4 |
|a The idea of higher education /
|c Ronald Barnett.
|
| 260 |
|
|
|a Buckingham :
|b The society for research into higher education & Open University Press,
|c c1990
|
| 300 |
|
|
|a xii, 244σ.
|
| 504 |
|
|
|a Περιλαμβάνει βιβλιογραφικές παραπομπές
|
| 650 |
|
0 |
|a Education, Higher
|x Aims and objectives
|
| 650 |
|
0 |
|a Education, Higher
|z Great Britain
|x Philosophy
|
| 710 |
0 |
|
|a Open University Press
|
| 710 |
0 |
|
|a Society for research into higher education
|
| 942 |
|
|
|2 ddc
|
| 952 |
|
|
|0 0
|1 0
|2 ddc
|4 0
|6 378_010000000000000_BAR
|7 0
|9 295138
|a LISK
|b LISK
|c BSC
|d 2021-01-17
|e 24
|f 0
|g 0.00
|l 0
|o 378.01 BAR
|p 92410018531
|r 2021-01-17 00:00:00
|t 1
|w 2021-01-17
|y BK15
|x 20030822 0 1
|x GrPaTEI
|
| 971 |
|
|
|a .b26633279
|b 15-04-20
|c 23-09-16
|
| 999 |
|
|
|c 172208
|d 172208
|